Doja Cat's UK Singles Chart History - Statistics

General Stats
  • This quiz has been taken 13 times
    7 since last reset
  • The average score is 18 of 27
Answer Stats
Peak Position Song Weeks On Chart Debut Date % Correct
#23 Agora Hills 18 Oct 5th 2023
100%
#37 Attention 4 Jun 29th 2023
100%
#13 Jealous Type 7 Sep 4th 2025
100%
#3 Kiss Me More 21 Apr 22nd 2021
100%
#11 Need To Know 19 Jun 24th 2021
100%
#1 Paint The Town Red 29 Aug 17th 2023
100%
#2 Say So 37 Jan 9th 2020
100%
#12 Streets 20 Jan 21st 2021
100%
#53 Demons 2 Sep 14th 2023
86%
#13 Woman 37 Aug 26th 2021
86%
#41 Get Into It (Yuh) 18 Sep 9th 2021
71%
#34 Gorgeous 2 Oct 9th 2025
71%
#9 You Right 11 Jul 8th 2021
71%
#13 Born Again 7 Feb 20th 2025
57%
#80 Juicy 2 Nov 21st 2019
57%
#62 Like That 16 Mar 26th 2020
57%
#16 motive 3 Nov 12th 2020
57%
#26 Ain't Shit 8 Jul 8th 2021
43%
#86 Baby I'm Jealous 1 Oct 22nd 2020
43%
#35 Best Friend 15 Jan 21st 2021
43%
#24 Boss Bitch 17 Feb 20th 2020
43%
#36 Freaky Deaky 14 Mar 10th 2022
43%
#19 I Like You (A Happier Song) 14 Jun 16th 2022
43%
#24 Vegas 15 Jun 16th 2022
43%
#50 Just Us 2 Apr 3rd 2025
29%
#27 n. h. i. e. 3 Jan 25th 2024
14%
#74 To Be Young 1 Jul 30th 2020
14%
No matching quizzes found
Score Distribution
Percent of People with Each Score
Percentile by Number Answered
Your Score History
You have not taken this quiz since the last reset